| 000 | 00577nam a2200181 a 4500 | ||
|---|---|---|---|
| 005 | 20230525063629.0 | ||
| 008 | 991125s1947 mx 000 0 spa u | ||
| 035 | _aUPN01000040856 | ||
| 049 | _aLT | ||
| 050 | 4 |
_aLB1585 M6.3 _bJ3.6 |
|
| 100 | 1 |
_aJáuregui, R. _929269 |
|
| 245 | 1 | 0 |
_aNaturaleza y ciencias : _blibro 2o : escrito para el tercer año de las escuelas primarias / _cpor R. Jáuregui. |
| 260 |
_aMéxico : _bPatria, _c1947. |
||
| 300 |
_a257 p. : _bil. |
||
| 440 | 0 | _aPatria | |
| 650 | 4 |
_aCiencias naturales _xEstudio y enseñanza (Elemental) _92812 |
|
| 905 | _aLibro | ||
| 999 |
_c40856 _d40856 |
||